Elements of mechanics of materials (Record no. 6596)

000 -LEADER
fixed length control field 00580nam a22002051 4500
001 - CONTROL NUMBER
control field 6129579
003 - CONTROL NUMBER IDENTIFIER
control field BD-DhUET
008 - FIXED-LENGTH DATA ELEMENTS--GENERAL INFORMATION
fixed length control field 730221s1966 njua b 000 0 eng
040 ## - CATALOGING SOURCE
Original cataloging agency DLC
Transcribing agency ODaWU
Modifying agency OCoLC
-- Uk
-- BD-DhUET
050 00 - LIBRARY OF CONGRESS CALL NUMBER
Classification number TA405
Item number .O37 1966
082 ## - DEWEY DECIMAL CLASSIFICATION NUMBER
Classification number 620.11
Item number OLS/1966
100 1# - MAIN ENTRY--PERSONAL NAME
Personal name Olsen, Gerner A.
245 10 - TITLE STATEMENT
Title Elements of mechanics of materials
Statement of responsibility, etc. by Gerner A. Olsen
250 ## - EDITION STATEMENT
Edition statement 2d ed.
260 ## - PUBLICATION, DISTRIBUTION, ETC. (IMPRINT)
Place of publication, distribution, etc. New Jersey
Name of publisher, distributor, etc. Prentice-Hall
Date of publication, distribution, etc. 1966
300 ## - PHYSICAL DESCRIPTION
Extent xxii, 591 p.
Other physical details illus.
Dimensions 24 cm.
504 ## - BIBLIOGRAPHY, ETC. NOTE
Bibliography, etc includes bibliographics
650 #0 - SUBJECT ADDED ENTRY--TOPICAL TERM
Topical term or geographic name as entry element Strength of materials
942 ## - ADDED ENTRY ELEMENTS (KOHA)
Koha item type General Book
Holdings
Damaged status Koha date last borrowed Copy number Location (home branch) Koha issues (times borrowed) Shelving location Not for loan Koha full call number Source of classification or shelving scheme Price effective from Sublocation or collection (holding branch) Koha item type Lost status Date acquired Koha date last seen Piece designation (barcode) Withdrawn status Koha normalized classification for sorting
  28Central Library, BUET Circulation section 620.11 /OLS/1966 2014-12-04Central Library, BUETContented Book  2014-12-042014-12-0429221 620_110000000000000_OLS_1966
 2018-11-2023Central Library, BUET1Circulation section 620.11 /OLS/1966 2014-12-04Central Library, BUETContented Book  2014-12-042018-12-0429216 620_110000000000000_OLS_1966
 2022-08-2913Central Library, BUET1Circulation section 620.11/OLS/1966 2014-12-04Central Library, BUETContented Book  2014-12-042022-10-0129206 620_110000000000000_OLS_1966
  4Central Library, BUET Circulation section 620.11/OLS/1966 2014-12-04Central Library, BUETContented Book  2014-12-042014-12-0419846 620_110000000000000_OLS_1966
 2022-06-201Central Library, BUET1Circulation section 620.11/OLS/1966 2014-12-04Central Library, BUETContented Book  2014-12-042022-07-2352406 620_110000000000000_OLS_1966
  6Central Library, BUET Reading section 620.11/OLS/1966 2015-06-16Central Library, BUETReading Item 2015-06-162015-06-1613917 620_110000000000000_OLS_1966
  8Central Library, BUET Reading section 620.11/OLS/1966 2015-06-29Central Library, BUETReading Item 2015-06-292015-06-2929227 620_110000000000000_OLS_1966